000 01833nam a2200265 a 4500
001 000014806
005 20200929163914.0
008 100122s2007 dr 001 0 spa d
040 _aDO-SdBNP
_bspa
_cBNPHU
082 _a342.082
_bM491g
100 1 _aMedina Méndez, Rafael Belisario
_933547
245 1 0 _aGuía migratoria :
_bvisas americanas /
_cRafael Belisario Medina ; prólogo Ramón Alburquerque ; edición Joselín A. Tavárez.
260 _aWashington, D.C. :
_bProvisa Internacional Law Center,
_c2007.
300 _a250 p. ;
_c22 cm.
500 _aIncluye datos biográficos del autor en la solapa de la contracubierta
505 0 _aPrólogo /
_rRamón Alburquerque --
_tIntroducción --
_tAutogestión migratoria: preparación de las solicitudes de visas de no-inmigrante --
_tOrientación técnica: pautas para llenar el formulario de solicitud de visa de no-inmigrante --
_tPreparación electrónica: versión digitalizada de la solicitud de visa de no-inmigrante [EVAF] --
_tOpinión consultiva: otra oportunidad cuando la solicitud de visa es rechazada --
_tImpedimento de entrada a los EE.UU: solicitud de un indulto o perdón migratorio --
_tDiferentes categorías de visas: otras opciones migratorias disponibles --
_tVisas de inmigrantes: peticiones de residencia permanente --
_tFormularios oficiales de solicitudes de visas: formatos de solicitudes y peticiones de visas americanas --
590 _aInventariado, 2018/ YL
650 4 _aPolítica de migración
_zEstados Unidos
_933548
650 4 _aViajes internacionales
_xReglamentos
_933549
650 4 _aRestricciones de viaje
_933550
651 4 _aEstados Unidos
_xEmigración E Inmigración
_xLegislación
_933551
700 1 _aAlburquerque, Ramón,
_epról.
_933552
700 1 _aTavárez, Joselín A.,
_eed.
_933553
910 _aValidado. Control de calidad EMS
999 _c14387
_d14387